Evaluación inicial de riesgos por puestos de trabajo en la peletería Masaya, ubicada en Masaya
El presente trabajo tiene como objetivo general evaluar los riesgos por puestos de trabajo de la empresa Peletería Masaya según las leyes y normativas vigentes en materia de higiene y seguridad del trabajo de la República de Nicaragua. De acuerdo a los resultados obtenidos, se propondrá un plan...
| Main Authors: | , |
|---|---|
| Other Authors: | |
| Format: | Tesis Section = Libro |
| Language: | Undetermined Spanish |
| Published: |
Managua
UNI
2021
|
| Subjects: |
| LEADER | 01225nam a2200265Ia 4500 | ||
|---|---|---|---|
| 008 | 240830s9999 xx 000 0 und d | ||
| 040 | |a BIBLIOTECA-RUPAP/ Mon 363.11 A284 | ||
| 041 | |a spa | ||
| 082 | |a Mon 363.11 A284 | ||
| 100 | 1 | |a Aguilar Blandón, Raquel del Socorro | |
| 100 | 1 | |b Flores Gaitán, Stephanie Judith | |
| 245 | 1 | 0 | |a Evaluación inicial de riesgos por puestos de trabajo en la peletería Masaya, ubicada en Masaya |
| 260 | |a Managua |b UNI |c 2021 | ||
| 300 | |a 92 p.: il. | ||
| 500 | |a Contiene: anexos y CD. | ||
| 502 | |a Tesis (Ingeniero Industrial) - UNI, 2021. | ||
| 520 | 3 | |a El presente trabajo tiene como objetivo general evaluar los riesgos por puestos de trabajo de la empresa Peletería Masaya según las leyes y normativas vigentes en materia de higiene y seguridad del trabajo de la República de Nicaragua. De acuerdo a los resultados obtenidos, se propondrá un plan de acción que ayude a la empresa a minimizar los riesgos. | |
| 650 | 7 | |a EVALUACION DE RIESGOS-NICARAGUA | |
| 650 | 7 | |b SEGURIDAD INDUSTRIAL | |
| 650 | 7 | |c ACCIDENTES DE TRABAJO | |
| 650 | 7 | |d RIESGOS LABORALES | |
| 700 | 1 | |a Tutor: |b Silvestri Jirón, Pietro Marcelo | |
| 942 | |c BK |2 ddc | ||
| 991 | |a TESIS | ||
| 999 | |c 19109 | ||